Представление документа в формате RUSMARC

ПолеНазваниеЗначение
  Тип записи a
  Библиографический уровень m
001 Контрольный номер Book/7390
005 Дата корректировки 20240209174427.3
010 Индекс ISBN __
a ISBN 978-5-8243-1126-6
b Уточнения в пер.
d Цена 50 р. 00 к.
9 Тираж 1 000 экз.
090 Данные записи __
a Состояние записи 66.1(2)
b Тип записи Книги
c Язык записи Русский
d Отрасль знаний (КСУ) Другая
e Секретность Несекретно
g Вид записи Монография (однотомник)
x Дата передачи записи для обработки Ч-72
100 Данные общей обработки __
a Данные общей обработки 20101205d2013 u u 1rusy ||||ca
101 Язык документа 0_
a Язык текста rus
105 Кодированные данные (монография) __
a Кодированные данные (монография) a z 000yy
181 Поле кодированных данных: вид содержания _1
a Код вида содержания (ISBD) i#
b Код характеристики содержания (ISBD) #xxe##
d i
g x
h x
i e
2 Код системы (источник кода, отличный от ISBD) isbdcontent
182 Поле кодированных данных: тип средства _1
a Код типа средства (ISBD) n
2 Код системы (источник кода, отличный от ISBD) isbdmedia
200 Заглавие и сведения об ответственности 1_
a Заглавие Собственность и государство
b Общее обозначение материала Текст
f Первые сведения об ответственности Б. Н. Чичерин
g Последующие сведения об ответственности сост., авт. вступ. ст. и коммент. А. И. Нарежный
w Текст (визуальный) : непосредственный
203 Вид содержания и тип средства __
a Вид содержания Текст
b Характеристика содержания визуальный
c Тип средства непосредственный
210 Выходные данные 1_
a Место издания Москва
c Издательство РОССПЭН
d Дата издания 2010
215 Физическое описание __
a Объем 927 с.
225 Серия 1_
a Серия Библиотека отечественной общественной мысли с древнейших времен до начала ХХ века
606 Тематические рубрики 0_
a Основная рубрика История политической мысли России
610 Ключевые слова 0_
a Ключевые слова политика
a Ключевые слова собственность
a Ключевые слова государство
a Ключевые слова история
686 Индексы других классификаций __
a Классификационный индекс 66.1(2)
2 Код системы rubbk
700 Автор _1
a Фамилия Чичерин
b Имя (инициалы) Борис Николаевич
g Полное личное имя Б. Н.
801 Источник записи _0
a Страна RU
b Организация МБУК ЦБС г. Ульяновска
c Дата составления 20101206
801 Источник записи _1
a Страна RU
b Организация МБУК ЦБС г. Ульяновска
c Дата составления 20101206
899 Данные о местонахождении __
3 Книга № 14015
a Местонахождение 9 ф
i Авторский знак Ч-72
j Расстановочный фильтр 66.1(2)
d Название фонда Инв.книга №1
q Состояние Свободно
x Инвентарный номер 142845
901 Тип документа __
t Тип документа m
910 Корректоры записи __
a Корректор записи Тихонова